MARC

LEADER 00000nam0a2200000 4500
001 256536
005 20231101233126.0
020 |a RU  |b 88-4318 
035 |a (RuTPU)RU\TPU\book\279244 
090 |a 256536 
100 |a 20140409d1987 k a0rusy5003 ca 
101 0 |a rus 
102 |a MD 
105 |a c z 001zy 
200 1 |a Институт химии АН МССР (1959-1984 гг.)  |f Академия наук Молдавской ССР (АН МССР), Институт химии ; под ред. П. Ф. Влада, 
210 |a Кишинев  |c Штиинца  |d 1987 
215 |a 144 с.  |c портр. 
320 |a Библиогр. в конце разделов 
606 1 |a Химические институты  |x История  |2 stltpush  |3 (RuTPU)RU\TPU\subj\70589  |9 84808 
610 1 |a научные институты 
610 1 |a научные исследования 
610 1 |a научная деятельность 
610 1 |a открытия 
610 1 |a становление 
610 1 |a развитие 
675 |a 54(09)  |v 3 
702 1 |a Влад  |b П. Ф.  |g Павел Федорович  |4 340 
712 0 2 |a Академия наук Молдавской ССР (АН МССР)  |b Институт химии  |2 stltpush  |3 (RuTPU)RU\TPU\col\11294 
801 0 |a RU  |b RuMRKP  |c 19950417  |g psbo 
801 1 |a RU  |b 63413507  |c 20140409 
801 2 |a RU  |b 63413507  |c 20141125  |g RCR 
942 |c BK